[Event "2MCR_3DE_1L_2S"]
[Site "?"]
[Date "2007.??.??"]
[Round "?"]
[White "Postl, Rostislav"]
[Black "Pravec, Ladislav"]
[Result "1/2-1/2"]
[WhiteElo "2340"]
[BlackElo "2352"]
[Annotator "086"]
[PlyCount "114"]
[EventDate "2007.??.??"]
[EventType "corr"]
[EventRounds "1"]
[SourceDate "2007.01.28"]

1. e4 c5 2. Nf3 d6 3. d4 cxd4 4. Nxd4 Nf6 5. Nc3 a6 6. Be3 e5 7. Nb3 Be7 8. Be2
O-O 9. O-O Be6 10. Nd5 Nxd5 11. exd5 Bf5 12. Nd2 Nd7 13. a4 Bg6 14. Nc4 f5 15.
f4 e4 16. a5 Rc8 17. c3 Qc7 18. Nb6 Nxb6 19. Bxb6 Qd7 20. c4 Bf6 21. Ra2 Bd8
22. Be3 Bf6 23. Ba7 Qf7 24. b4 Rfd8 25. Ra3 Rd7 26. Rh3 Qf8 27. Qd2 Bf7 28. Qa2
Bg6 29. Rb1 Qe7 30. Bb6 Qf8 31. Rbb3 Qe8 32. Rbe3 Qf8 33. Ra3 Bd8 34. Bf2 Bf6
35. Ba7 Bf7 36. Bb6 Bg6 37. Qd2 Be8 38. Ra2 Bf7 39. g4 Bg6 40. g5 Be7 41. Bd4
Rdc7 42. Qc3 Be8 43. Rd2 Rd7 44. Kh1 Bg6 45. Qc2 Bd8 46. Qa2 Bc7 47. Rc2 Qe8
48. Rc1 Bb8 49. Bd1 Re7 50. Ba4 Qd8 51. Qe2 Bc7 52. Qb2 Rb8 53. Qa3 Rc8 54. Qc3
Bb8 55. Qe1 Kh8 56. Qf2 Qg8 57. Bd1 Qe8 1/2-1/2

[Event "2MCR_3DE_1L_3S"]
[Site "?"]
[Date "2007.??.??"]
[Round "?"]
[White "Pytlik, Lesek"]
[Black "Riha, Jan"]
[Result "1/2-1/2"]
[WhiteElo "2382"]
[BlackElo "2277"]
[Annotator "082"]
[PlyCount "100"]
[EventDate "2007.??.??"]
[EventType "corr"]
[EventRounds "1"]
[SourceDate "2007.01.28"]

1. e4 e5 2. Nf3 Nf6 3. Nxe5 d6 4. Nf3 Nxe4 5. d4 d5 6. Bd3 Be7 7. O-O Nc6 8.
Re1 Bg4 9. c3 f5 10. Qb3 O-O 11. Nbd2 Na5 12. Qa4 Nc6 13. Bb5 Bh4 14. g3 Bf6
15. Bxc6 bxc6 16. Qxc6 Re8 17. Ne5 Bxe5 18. dxe5 Ng5 19. f4 Nh3+ 20. Kg2 Rb8
21. Qa4 c5 22. Nf3 Qc8 23. Ng1 Nxg1 24. Kxg1 Bf3 25. Rf1 Be4 26. Rf2 Re6 27.
Be3 Ra6 28. Qd1 Rc6 29. Rd2 Qe6 30. Rc1 a6 31. Qe2 a5 32. Qf2 Rbc8 33. Rcd1 Qf7
34. b3 Qe6 35. Qe2 Rb8 36. Rb2 Qe7 37. a3 Qe8 38. Ra1 Qd7 39. b4 cxb4 40. axb4
axb4 41. Rxb4 Rxb4 42. Ra8+ Rc8 43. Rxc8+ Qxc8 44. cxb4 Qc3 45. Bd2 Qb3 46. g4
Bd3 47. Qf3 fxg4 48. Qxg4 Qb1+ 49. Kf2 Qf1+ 50. Ke3 Be4 1/2-1/2

[Event "2MCR_3DE_1L_3S"]
[Site "?"]
[Date "2007.??.??"]
[Round "?"]
[White "Krouzel, Jaroslav"]
[Black "Pytlik, Lesek"]
[Result "1/2-1/2"]
[WhiteElo "2292"]
[BlackElo "2382"]
[Annotator "083"]
[PlyCount "81"]
[EventDate "2007.??.??"]
[EventType "corr"]
[EventRounds "1"]
[SourceDate "2007.01.28"]

1. d4 Nf6 2. c4 g6 3. Nc3 Bg7 4. e4 d6 5. Be2 O-O 6. Bg5 c5 7. d5 h6 8. Bf4 a6
9. a4 e6 10. Nf3 Re8 11. Nd2 a5 12. O-O Na6 13. dxe6 Rxe6 14. f3 Nh5 15. Be3
Nb4 16. Nb3 Bd7 17. Qd2 g5 18. Rfd1 Be5 19. g3 Rg6 20. Bf1 b6 21. Nc1 Bf4 22.
Re1 Qf6 23. Re2 Be6 24. Rf2 Nc6 25. Nd5 Bxd5 26. cxd5 Ne5 27. Bxf4 gxf4 28. g4
Qh4 29. Bg2 Nf6 30. Ne2 Nexg4 31. fxg4 Nxg4 32. Rxf4 Qxh2+ 33. Kf1 Ne5 34. Rf2
Ng4 35. Qf4 Qxf4 36. Nxf4 Rf6 37. Rf3 Nh2+ 38. Ke2 Nxf3 39. Kxf3 Rb8 40. Bh3 h5
41. Bd7 1/2-1/2

[Event "2MCR_3DE_1L_1S"]
[Site "?"]
[Date "2007.??.??"]
[Round "?"]
[White "Lounek, Jan"]
[Black "Hybl, Vladislav"]
[Result "1-0"]
[WhiteElo "2425"]
[BlackElo "2303"]
[Annotator "076"]
[PlyCount "121"]
[EventDate "2007.??.??"]
[EventType "corr"]
[EventRounds "1"]
[SourceDate "2007.01.28"]

1. e4 e6 2. d4 d5 3. Nd2 c5 4. exd5 Qxd5 5. Ngf3 cxd4 6. Bc4 Qd6 7. O-O Nf6 8.
Nb3 Nc6 9. Nbxd4 Nxd4 10. Nxd4 a6 11. Re1 Qc7 12. Bb3 Bd6 13. h3 O-O 14. Bg5 b5
15. c4 Bb7 16. cxb5 Ne4 17. Be3 axb5 18. f3 Nf6 19. Nxb5 Bh2+ 20. Kh1 Qb8 21.
a4 Bg3 22. Re2 Nh5 23. Rc2 Be5 24. Qe1 Ng3+ 25. Kg1 Nf5 26. Bf2 Bh2+ 27. Kh1
Bg3 28. Bxg3 Nxg3+ 29. Kg1 Ba6 30. Bc4 Nf5 31. Rd1 Qf4 32. Rc3 Rad8 33. Na3 Bb7
34. Rcd3 Rxd3 35. Rxd3 Rc8 36. Qd2 Qb8 37. Rb3 Qc7 38. a5 h6 39. Rd3 Qc5+ 40.
Kh2 Qc7+ 41. f4 Nh4 42. Nb5 Qxc4 43. Nd6 Qc6 44. Nxc8 Bxc8 45. b4 Bb7 46. Rc3
Qe8 47. Rc7 Qb8 48. Qd7 Kh7 49. b5 Bxg2 50. b6 Qa8 51. Qxf7 Nf5 52. Qxe6 Qxa5
53. Qe5 Qxe5 54. fxe5 Be4 55. e6 Kg6 56. Rf7 Nd6 57. Rf8 Bc6 58. e7 Bb5 59.
e8=Q+ Bxe8 60. Rxe8 Kf6 61. Rc8 1-0

[Event "2MCR_3DE_1L_1S"]
[Site "?"]
[Date "2007.??.??"]
[Round "?"]
[White "Blecha, Miroslav"]
[Black "Soucha, Stepan"]
[Result "1/2-1/2"]
[WhiteElo "2227"]
[BlackElo "2353"]
[Annotator "077"]
[PlyCount "66"]
[EventDate "2007.??.??"]
[EventType "corr"]
[EventRounds "1"]
[SourceDate "2007.01.28"]

1. e4 e5 2. Nf3 Nc6 3. Bb5 a6 4. Ba4 Nf6 5. O-O Be7 6. Re1 b5 7. Bb3 O-O 8. a4
b4 9. d3 d6 10. a5 Be6 11. Nbd2 Qc8 12. Bc4 Rd8 13. h3 Rb8 14. Qe2 Bxc4 15.
Nxc4 h6 16. Bd2 Qe6 17. c3 Re8 18. Rac1 Bf8 19. Ne3 bxc3 20. bxc3 Nxa5 21. Ra1
Nb3 22. Rxa6 Ra8 23. Rxa8 Rxa8 24. c4 c6 25. Bb4 Rb8 26. Bc3 Nc5 27. Qc2 Rb7
28. Rb1 Qc8 29. Bd2 Rxb1+ 30. Qxb1 g6 31. Ne1 Bg7 32. Qb6 Nfd7 33. Qa7 Qb8
1/2-1/2

[Event "2MCR_3DE_1L_3S"]
[Site "?"]
[Date "2007.??.??"]
[Round "?"]
[White "Vojtek, Frantisek"]
[Black "Fric, Pavel"]
[Result "1/2-1/2"]
[WhiteElo "2196"]
[BlackElo "2184"]
[Annotator "084"]
[PlyCount "104"]
[EventDate "2007.??.??"]
[EventType "corr"]
[EventRounds "1"]
[SourceDate "2007.01.28"]

1. e4 c5 2. Nf3 d6 3. d4 cxd4 4. Nxd4 Nf6 5. Nc3 a6 6. Bg5 e6 7. f4 Qb6 8. Qd2
Qxb2 9. Rb1 Qa3 10. e5 dxe5 11. fxe5 Nfd7 12. Ne4 h6 13. Bh4 Qxa2 14. Rd1 Qd5
15. Qe3 Qxe5 16. Be2 Bc5 17. Bg3 Bxd4 18. Rxd4 Qa5+ 19. Rd2 O-O 20. Bd6 Rd8 21.
Qg3 Qf5 22. Be5 Qg6 23. Qh4 Nc6 24. Bb2 e5 25. Bh5 Qe6 26. O-O f5 27. Rd6 Qe7
28. Qxe7 Nxe7 29. Nc5 Nc6 30. Ne6 Rf8 31. Nxf8 Nxf8 32. Bf3 Bd7 33. Bd5+ Kh7
34. Re1 Re8 35. Rd1 Rb8 36. Ba1 a5 37. c4 e4 38. Bc3 Ne7 39. Bxa5 e3 40. g3 Ra8
41. Be1 Nxd5 42. cxd5 Bb5 43. Rc1 Ra2 44. Rb6 Be2 45. Rb3 Bf3 46. Rxe3 Bxd5 47.
Re5 Bc6 48. Rxf5 Ne6 49. Rf2 Ra8 50. h4 Nd4 51. Rb2 Rf8 52. Bf2 Nf3+ 1/2-1/2

[Event "2MCR_3DE_1L_1S"]
[Site "?"]
[Date "2007.??.??"]
[Round "?"]
[White "Ryvova, Anna"]
[Black "Lounek, Jan"]
[Result "1/2-1/2"]
[WhiteElo "2254"]
[BlackElo "2425"]
[Annotator "078"]
[PlyCount "113"]
[EventDate "2007.??.??"]
[EventType "corr"]
[EventRounds "1"]
[SourceDate "2007.01.28"]

1. d4 Nf6 2. c4 e6 3. Nc3 Bb4 4. Nf3 b6 5. Bg5 Bb7 6. e3 h6 7. Bh4 g5 8. Bg3
Ne4 9. Qc2 Bxc3+ 10. bxc3 Nxg3 11. hxg3 Nc6 12. g4 Qe7 13. Bd3 d6 14. Nd2 O-O-O
15. f3 Kb8 16. Kf2 Rde8 17. e4 Qf6 18. Rab1 e5 19. d5 Ne7 20. Rh5 Ng8 21. a4
Qg7 22. Nf1 Nf6 23. Ng3 a5 24. Rhh1 Nd7 25. Nf5 Qg6 26. Rh5 Nf6 27. Rh3 h5 28.
Rbh1 Rh7 29. c5 dxc5 30. Qb2 Rd8 31. Bb5 hxg4 32. Rxh7 Nxh7 33. Rh6 Qg8 34.
fxg4 Nf8 35. Qd2 Ka7 36. Kg1 Kb8 37. Qc1 Ka7 38. Qe3 Kb8 39. Qh3 Ng6 40. Rh7
Nh4 41. Rg7 Qf8 42. Rxg5 Nxf5 43. gxf5 c4 44. Qe3 Qa3 45. Rh5 Rg8 46. Rh7 Qa2
47. Qf3 Qb1+ 48. Kh2 Qc2 49. Bxc4 Qxa4 50. Qd3 Qa3 51. d6 Qxd6 52. Qxd6 cxd6
53. Bxf7 Rf8 54. g4 Bxe4 55. Be6 a4 56. g5 Bxf5 57. Bxf5 1/2-1/2

[Event "2MCR_3DE_1L_3S"]
[Site "?"]
[Date "2007.??.??"]
[Round "?"]
[White "Jirku, Jaroslav"]
[Black "Fric, Pavel"]
[Result "1/2-1/2"]
[WhiteElo "2299"]
[BlackElo "2184"]
[Annotator "085"]
[PlyCount "120"]
[EventDate "2007.??.??"]
[EventType "corr"]
[EventRounds "1"]
[SourceDate "2007.01.28"]

1. e4 c5 2. Nf3 d6 3. d4 cxd4 4. Nxd4 Nf6 5. Nc3 a6 6. Bg5 e6 7. f4 Qb6 8. Qd2
Qxb2 9. Rb1 Qa3 10. Be2 Nbd7 11. O-O Qc5 12. Kh1 Be7 13. f5 e5 14. Ne6 fxe6 15.
fxe6 Nb6 16. Qd3 Bxe6 17. Be3 Qc4 18. Rxb6 Qxd3 19. Bxd3 Rc8 20. Bd2 Rc7 21.
Rfb1 Bc8 22. Nd5 Nxd5 23. exd5 O-O 24. Bb4 Rf6 25. h3 Rd7 26. Bd2 Bd8 27. R6b3
Rf8 28. Rc3 Rc7 29. Rxc7 Bxc7 30. a4 g6 31. g3 Rf2 32. Be1 Rf7 33. Kg2 Kg7 34.
Bd2 h5 35. c4 Bb8 36. Be3 Bf5 37. Bxf5 gxf5 38. Kf3 Rc7 39. Rb4 Kf7 40. Ke2 Rd7
41. Kf3 Ke7 42. Rb1 Kd8 43. Ke2 Rf7 44. Kd3 Rg7 45. Bf2 Kc8 46. Rf1 Bc7 47. Be1
Rf7 48. g4 e4+ 49. Ke2 f4 50. Bg3 f3+ 51. Ke3 Re7 52. c5 hxg4 53. hxg4 Re8 54.
Rc1 Bb8 55. cxd6+ Kd8 56. d7 Ba7+ 57. Kd2 Kxd7 58. Rc7+ Kd8 59. d6 Rh8 60. Be5
e3+ 1/2-1/2

[Event "2MCR_3DE_1L_1S"]
[Site "?"]
[Date "2007.??.??"]
[Round "?"]
[White "Contos, Vaclav"]
[Black "Novak, Vratislav"]
[Result "1-0"]
[WhiteElo "2200"]
[BlackElo "2292"]
[Annotator "079"]
[PlyCount "107"]
[EventDate "2007.??.??"]
[EventType "corr"]
[EventRounds "1"]
[SourceDate "2007.01.28"]

1. d4 d5 2. c4 e6 3. Nc3 c6 4. Nf3 Nf6 5. e3 Nbd7 6. Qc2 Bd6 7. Bd3 O-O 8. O-O
dxc4 9. Bxc4 a6 10. Rd1 b5 11. Be2 Qc7 12. e4 e5 13. g3 Re8 14. a3 h6 15. b4 a5
16. Rb1 axb4 17. axb4 Rd8 18. Kg2 Re8 19. h3 Nb6 20. Be3 Na4 21. Nxa4 Rxa4 22.
g4 Bb7 23. dxe5 Bxe5 24. Nxe5 Qxe5 25. f3 h5 26. Bf2 Qe6 27. Qb3 Qe5 28. Rbc1
Rea8 29. Rc5 Qe7 30. Qc3 Ra2 31. Rd2 Rxd2 32. Qxd2 Qe6 33. Bd1 hxg4 34. hxg4
Qd7 35. Rc2 Rd8 36. Qxd7 Rxd7 37. Be2 Ne8 38. g5 Nc7 39. Ra2 Na6 40. Rb2 f6 41.
g6 Rd6 42. Be1 Nc7 43. Bg3 Rd7 44. Kf2 Ne6 45. f4 Rd4 46. Bg4 Nc7 47. Bf5 Rd8
48. Kf3 Na6 49. Be6+ Kf8 50. Rh2 Nc7 51. Bf7 Na6 52. Rh8+ Ke7 53. Rh7 Rd3+ 54.
Kg4 1-0

[Event "2MCR_3DE_1L_1S"]
[Site "?"]
[Date "2007.??.??"]
[Round "?"]
[White "Svoboda, Frantisek"]
[Black "Ryvova, Anna"]
[Result "1/2-1/2"]
[WhiteElo "2388"]
[BlackElo "2254"]
[Annotator "080"]
[PlyCount "96"]
[EventDate "2007.??.??"]
[EventType "corr"]
[EventRounds "1"]
[SourceDate "2007.01.28"]

1. c4 Nf6 2. Nc3 c6 3. Nf3 d5 4. d4 e6 5. Bg5 h6 6. Bh4 dxc4 7. e4 g5 8. Bg3 b5
9. Be2 Bb7 10. Ne5 Bg7 11. h4 Nbd7 12. Qc2 Nb6 13. Rd1 Qe7 14. a4 b4 15. a5
bxc3 16. axb6 cxb2 17. O-O c3 18. Nc4 axb6 19. Nd6+ Kf8 20. Qxc3 gxh4 21. Be5
Ne8 22. Bxg7+ Nxg7 23. Nxb7 Qxb7 24. Qxb2 h3 25. gxh3 Rg8 26. Kh1 Ne8 27. Rg1
Ra5 28. Bf3 Rxg1+ 29. Rxg1 Rg5 30. Bg2 b5 31. Rc1 Ng7 32. e5 Nf5 33. Bxc6 Qb6
34. Rc5 Qd8 35. d5 Ne7 36. Kh2 Nxc6 37. dxc6 Qd1 38. Qc1 Qe2 39. Rc2 Qxe5+ 40.
f4 Qc7 41. Qa3+ Kg8 42. Qb4 Kh7 43. Rf2 Qb6 44. Qe4+ f5 45. Qc2 Rg6 46. Rg2 Qc7
47. Rxg6 Kxg6 48. Kg3 h5 1/2-1/2

[Event "2MCR_3DE_1L_2S"]
[Site "?"]
[Date "2007.??.??"]
[Round "?"]
[White "Janous, Petr"]
[Black "Hala, Martin"]
[Result "1-0"]
[WhiteElo "2236"]
[BlackElo "2368"]
[Annotator "087"]
[PlyCount "101"]
[EventDate "2007.??.??"]
[EventType "corr"]
[EventRounds "1"]
[SourceDate "2007.01.28"]

1. e4 e5 2. Nf3 Nc6 3. Bb5 f5 4. Nc3 fxe4 5. Nxe4 d5 6. Nxe5 dxe4 7. Nxc6 Qg5
8. Qe2 Nf6 9. f4 Qxf4 10. Nxa7+ Bd7 11. Bxd7+ Kxd7 12. Qb5+ Ke6 13. Qb3+ Kd7
14. Qxb7 Bd6 15. Qb5+ Ke6 16. Qb3+ Kd7 17. Qf7+ Be7 18. Nc6 Kxc6 19. Qxe7 Rae8
20. Qa3 Rhf8 21. Qg3 Qf5 22. Rf1 Qd7 23. Qc3+ Kb7 24. Qc5 Rf7 25. Rf5 Kc8 26.
Qb5 Qe6 27. b3 Ng4 28. Rxf7 Qxf7 29. Qe2 Nxh2 30. Bb2 Nf3+ 31. Kd1 Nh4 32. a4
Qg6 33. a5 Nxg2 34. a6 Nf4 35. a7 Kb7 36. Qb5+ Ka8 37. Bd4 Rd8 38. Ra4 Nd5 39.
Kc1 Nb6 40. Bxb6 cxb6 41. Qe5 Qg2 42. Kb2 Qxd2 43. Rc4 Qd7 44. Qxe4+ Qb7 45.
Qxh7 Rd5 46. Rg4 g5 47. Qg8+ Kxa7 48. Ra4+ Ra5 49. Rxa5+ bxa5 50. Qxg5 Qc7 51.
Qb5 1-0

[Event "2MCR_3DE_1L_3S"]
[Site "?"]
[Date "2007.??.??"]
[Round "?"]
[White "Splichal, Josef"]
[Black "Jirku, Jaroslav"]
[Result "1/2-1/2"]
[WhiteElo "2168"]
[BlackElo "2299"]
[Annotator "086"]
[PlyCount "104"]
[EventDate "2007.??.??"]
[EventType "corr"]
[EventRounds "1"]
[SourceDate "2007.01.28"]

1. e4 e5 2. Nf3 Nc6 3. Bb5 a6 4. Ba4 Nf6 5. O-O Be7 6. Re1 b5 7. Bb3 d6 8. c3
O-O 9. h3 Na5 10. Bc2 c5 11. d4 Qc7 12. d5 Nc4 13. Nbd2 Nxd2 14. Nxd2 h6 15.
Nf1 Bd7 16. f4 c4 17. Ng3 a5 18. Kh2 a4 19. a3 Rae8 20. fxe5 dxe5 21. Rf1 Nh7
22. Nf5 Bxf5 23. Rxf5 Ra8 24. Be3 Ra6 25. Qf3 Rg6 26. Bf2 Nf6 27. Bg3 Nd7 28.
Rf1 Rf6 29. Kh1 Qd6 30. Kh2 Ra8 31. Rxf6 Qxf6 32. Qxf6 Bxf6 33. d6 Bg5 34. Rd1
Be3 35. Rd5 Rb8 36. Bd1 f6 37. Bg4 Nc5 38. Bh4 Kf8 39. d7 Rd8 40. Kg3 Nd3 41.
Kf3 Bc5 42. Bh5 Ke7 43. Be8 Rb8 44. Bg3 Kd8 45. Ke2 Rb6 46. Rxd3 cxd3+ 47. Kxd3
Rd6+ 48. Ke2 Bb6 49. Bh4 Bg1 50. g4 Bc5 51. Bg3 Ke7 52. Bh2 Kd8 1/2-1/2

[Event "2MCR_3DE_1L_3S"]
[Site "?"]
[Date "2007.??.??"]
[Round "?"]
[White "Splichal, Josef"]
[Black "Ryska, Jiri"]
[Result "1-0"]
[WhiteElo "2168"]
[BlackElo "2072"]
[Annotator "087"]
[PlyCount "117"]
[EventDate "2007.??.??"]
[EventType "corr"]
[EventRounds "1"]
[SourceDate "2007.01.28"]

1. e4 e5 2. Nf3 Nc6 3. Bb5 a6 4. Ba4 Nf6 5. O-O Be7 6. Re1 b5 7. Bb3 d6 8. c3
O-O 9. h3 Nb8 10. d4 Nbd7 11. Nbd2 Bb7 12. Bc2 c5 13. Nf1 Re8 14. d5 g6 15. Bh6
Bf8 16. Qd2 Bg7 17. Ng3 Qe7 18. a4 c4 19. Bxg7 Kxg7 20. Qg5 Kh8 21. Ra3 Nc5 22.
Rea1 Ng8 23. Qe3 Qf8 24. axb5 axb5 25. Ra5 Rxa5 26. Rxa5 Ba6 27. Nd2 Ra8 28. b4
cxb3 29. Nxb3 Nf6 30. Nxc5 dxc5 31. Bd3 c4 32. Be2 Nd7 33. Ra1 Qe7 34. Qd2 Kg7
35. Rd1 Qf6 36. Qb2 Qd6 37. h4 Nc5 38. h5 Na4 39. Qd2 Bc8 40. Ra1 Bd7 41. Bd1
Ra6 42. h6+ Kh8 43. Nf1 Nc5 44. Rxa6 Nxa6 45. Qa2 Kg8 46. Qa5 Nc5 47. Qd8+ Qf8
48. Qc7 f6 49. Bf3 Qc8 50. Qa7 Nb7 51. Ne3 Kf7 52. Bg4 Bxg4 53. Nxg4 Ke7 54.
Qb6 Nd6 55. Nxf6 Qd8 56. Qxd8+ Kxd8 57. Nxh7 Nf7 58. Nf8 Nxh6 59. Kf1 1-0

[Event "2MCR_3DE_1L_1S"]
[Site "?"]
[Date "2007.??.??"]
[Round "?"]
[White "Ryvova, Anna"]
[Black "Vozda, Jindrich"]
[Result "1-0"]
[WhiteElo "2254"]
[BlackElo "2469"]
[Annotator "081"]
[PlyCount "89"]
[EventDate "2007.??.??"]
[EventType "corr"]
[EventRounds "1"]
[SourceDate "2007.01.28"]

1. d4 Nf6 2. c4 e6 3. Nc3 Bb4 4. e3 O-O 5. Bd3 d5 6. Nf3 b6 7. O-O Bb7 8. cxd5
exd5 9. a3 Bd6 10. b4 a6 11. Qb3 Qe7 12. b5 axb5 13. Nxb5 Nbd7 14. Bb2 c5 15.
Nxd6 Qxd6 16. Bf5 Ne4 17. a4 Rfe8 18. dxc5 Ndxc5 19. Qb4 Bc6 20. a5 bxa5 21.
Rxa5 Rxa5 22. Qxa5 Ra8 23. Qb4 Ra4 24. Qb6 Be8 25. Qxd6 Nxd6 26. Bb1 f6 27. Rd1
Nce4 28. h3 Nc4 29. Bd4 Na3 30. Ba2 Nc4 31. Ra1 h5 32. Bb3 Rxa1+ 33. Bxa1 Nc5
34. Bc2 Kf7 35. Nd4 Ba4 36. Bb1 Nd2 37. Ba2 Ndb3 38. Bc3 Nxd4 39. Bxd4 Bb3 40.
Bb1 Ne4 41. h4 g6 42. Bd3 Bc4 43. Bc2 Ba2 44. f3 Bb3 45. Bxb3 1-0

[Event "2MCR_3DE_1L_3S"]
[Site "?"]
[Date "2007.??.??"]
[Round "?"]
[White "Tomisek, Petr"]
[Black "Jirku, Jaroslav"]
[Result "0-1"]
[WhiteElo "2186"]
[BlackElo "2299"]
[Annotator "088 - PCL"]
[PlyCount "79"]
[EventDate "2007.??.??"]
[EventType "corr"]
[EventRounds "1"]
[SourceDate "2007.01.28"]

1. e4 e5 2. Nf3 Nc6 3. d4 exd4 4. Bc4 Nf6 5. e5 d5 6. Bb5 Ne4 7. Nxd4 Bd7 8.
Bxc6 bxc6 9. O-O Bc5 10. f3 Ng5 11. f4 Ne4 12. Be3 Bb6 13. Nd2 Nxd2 14. Qxd2 c5
15. Nf3 d4 16. Bf2 Bc6 17. f5 Bxf3 18. gxf3 Qd5 19. Qg5 g6 20. a4 c4 21. a5 Bc5
22. Rad1 Rb8 23. Qf4 d3 24. b3 Rb4 25. fxg6 Rg8 26. Kh1 Rxg6 27. Bxc5 Qxc5 28.
Qe4 Kf8 29. bxc4 dxc2 30. Qxc2 Rxc4 31. Qd3 Rc2 32. Qe4 a6 33. Qf4 Rc4 34. Qf5
Rd4 35. Rxd4 Qxd4 36. e6 Rxe6 37. Qc2 c5 38. Qxh7 Rg6 39. Rb1 Qf6 40. Qh3 0-1

[Event "2MCR_3DE_1L_2S"]
[Site "?"]
[Date "2007.??.??"]
[Round "?"]
[White "Janous, Petr"]
[Black "Canibal, Jaromir"]
[Result "1-0"]
[WhiteElo "2236"]
[BlackElo "2255"]
[Annotator "088"]
[PlyCount "91"]
[EventDate "2007.??.??"]
[EventType "corr"]
[EventRounds "1"]
[SourceDate "2007.01.28"]

1. e4 e5 2. Nf3 Nf6 3. d4 Nxe4 4. Bd3 d5 5. Nxe5 Nd7 6. Nxd7 Bxd7 7. O-O Qh4 8.
c4 O-O-O 9. c5 g5 10. Nc3 Bg7 11. Be3 Nxc5 12. Nxd5 Nxd3 13. Qxd3 Kb8 14. Rfc1
c6 15. Ne7 Be6 16. Nxc6+ bxc6 17. Rxc6 Rd7 18. Rac1 Bxd4 19. Qa6 Rb7 20. Rxe6
fxe6 21. Qd6+ Ka8 22. Bxd4 Rhb8 23. Re1 Qf4 24. Be5 Qf5 25. Qc6 Rd8 26. h3 h5
27. Re4 Rd1+ 28. Kh2 Rd8 29. a4 Qf8 30. f3 Qe8 31. Qc1 Rf7 32. Qxg5 Rf8 33. Qe3
Rg8 34. Rc4 Qg6 35. g4 Rc8 36. Rxc8+ Rxc8 37. Kg3 hxg4 38. fxg4 Qc2 39. h4 Rd8
40. Qf3+ Rd5 41. h5 Qd2 42. Kh4 Qe1+ 43. Bg3 Qc1 44. b4 Kb7 45. b5 Kc8 46. Kh3
1-0

[Event "2MCR_3DE_1L_1S"]
[Site "?"]
[Date "2007.??.??"]
[Round "?"]
[White "Svoboda, Frantisek"]
[Black "Soucha, Stepan"]
[Result "1/2-1/2"]
[WhiteElo "2388"]
[BlackElo "2353"]
[Annotator "082"]
[PlyCount "76"]
[EventDate "2007.??.??"]
[EventType "corr"]
[EventRounds "1"]
[SourceDate "2007.01.28"]

1. c4 Nf6 2. Nc3 e5 3. Nf3 Nc6 4. g3 Bb4 5. Nd5 Bc5 6. Bg2 d6 7. O-O O-O 8. e3
a6 9. d4 Ba7 10. dxe5 Nxe5 11. Nxe5 dxe5 12. Qf3 Ne8 13. Rd1 c6 14. Nc3 Qe7 15.
b3 f5 16. Bb2 Nf6 17. Qe2 Be6 18. h3 Bf7 19. Rd2 Bb6 20. Qd1 Rad8 21. Rxd8 Rxd8
22. Qe1 Bh5 23. a3 Bc7 24. b4 Nd7 25. c5 e4 26. Ne2 Ne5 27. Bxe5 Bxe5 28. Rd1
Qf6 29. Bf1 g5 30. Rxd8+ Qxd8 31. Qc1 Bf7 32. Nd4 Qf6 33. Qd1 Bd5 34. Nb3 Qf7
35. Na5 h6 36. Qc2 f4 37. Nc4 Bc7 38. Nd6 Qg6 1/2-1/2

[Event "2MCR_3DE_1L_1S"]
[Site "?"]
[Date "2007.??.??"]
[Round "?"]
[White "Jandovsky, Viktor"]
[Black "Svoboda, Frantisek"]
[Result "1-0"]
[WhiteElo "2275"]
[BlackElo "2388"]
[Annotator "083"]
[PlyCount "107"]
[EventDate "2007.??.??"]
[EventType "corr"]
[EventRounds "1"]
[SourceDate "2007.01.28"]

1. e4 e6 2. d4 d5 3. Nc3 Nf6 4. e5 Nfd7 5. f4 c5 6. Nf3 Nc6 7. Be3 a6 8. Qd2 b5
9. a3 Bb7 10. Bd3 Qb6 11. Qf2 Rc8 12. O-O cxd4 13. Nxd4 Nxd4 14. Bxd4 Qxd4 15.
Qxd4 Bc5 16. Ne2 Ke7 17. c3 f6 18. Rf2 Rc7 19. exf6+ gxf6 20. Re1 Bxd4 21. Nxd4
e5 22. fxe5 fxe5 23. Bf5 e4 24. Bxd7 Kxd7 25. Rf7+ Kc8 26. Ref1 Kb8 27. R1f6 h5
28. Kf2 Rxf7 29. Rxf7 h4 30. Nf5 Bc8 31. Ne7 Bb7 32. Ke3 Rh6 33. Nf5 Rh8 34.
Kd4 Bc8 35. Ne7 Bb7 36. Ng6 Rh6 37. Rg7 a5 38. Ke3 Bc6 39. Ne7 Bb7 40. Rg5 Rd6
41. Rg6 Rd7 42. Nf5 Rh7 43. Nd6 Bc6 44. Nxe4 dxe4 45. Rxc6 Rg7 46. Rb6+ Kc7 47.
Rxb5 Rxg2 48. h3 Rg3+ 49. Kxe4 a4 50. Rb4 Rxh3 51. Rxa4 Rg3 52. Ra6 h3 53. Rh6
Rg2 54. b4 1-0

[Event "2MCR_3DE_1L_3S"]
[Site "?"]
[Date "2007.??.??"]
[Round "?"]
[White "Cakl, Zdenek"]
[Black "Splichal, Josef"]
[Result "0-1"]
[WhiteElo "2137"]
[BlackElo "2168"]
[Annotator "089"]
[PlyCount "112"]
[EventDate "2007.??.??"]
[EventType "corr"]
[EventRounds "1"]
[SourceDate "2007.01.28"]

1. e4 e5 2. Nf3 Nc6 3. d4 exd4 4. Nxd4 Bc5 5. Nxc6 Qf6 6. Qf3 dxc6 7. Nd2 Be6
8. Bd3 O-O-O 9. O-O Kb8 10. a4 Qe7 11. Qg3 Nf6 12. Nf3 h6 13. Rb1 g5 14. b4
Bxb4 15. Qe5 c5 16. Qa1 Rhe8 17. Ne5 Ng4 18. Bb5 Nxe5 19. Bxe8 Bc4 20. Bb5 Bxf1
21. Bxf1 Nc6 22. f3 g4 23. Bb2 Qg5 24. Kh1 Qd2 25. Bf6 Rg8 26. f4 Qxc2 27. e5
g3 28. h3 Rf8 29. Rb2 Qe4 30. Qc1 Nd4 31. Bc4 Ne6 32. Rb3 Bd2 33. Qxd2 Qxc4 34.
Rxg3 Qxa4 35. f5 Nd4 36. Qxh6 Qd1+ 37. Kh2 Rc8 38. Rg4 b5 39. Qe3 Qc2 40. e6
Nxf5 41. Qf3 fxe6 42. Qc6 Qd3 43. Be5 Nd6 44. Qxc5 Qd5 45. Qxd5 exd5 46. Bxd6
cxd6 47. Rb4 a6 48. g4 Kb7 49. Rb1 Kb6 50. h4 a5 51. g5 b4 52. h5 Rg8 53. Rg1
Rh8 54. h6 a4 55. Kg3 a3 56. Kf4 a2 0-1

[Event "2MCR_3DE_1L_1S"]
[Site "?"]
[Date "2007.??.??"]
[Round "?"]
[White "Hybl, Vladislav"]
[Black "Hrdy, Roman"]
[Result "1/2-1/2"]
[WhiteElo "2303"]
[BlackElo "2284"]
[Annotator "084"]
[PlyCount "102"]
[EventDate "2007.??.??"]
[EventType "corr"]
[EventRounds "1"]
[SourceDate "2007.01.28"]

1. d4 e6 2. c4 Nf6 3. Nc3 Bb4 4. e3 c5 5. Bd3 Nc6 6. Nf3 Bxc3+ 7. bxc3 d6 8.
O-O e5 9. Nd2 O-O 10. Rb1 b6 11. h3 Re8 12. Qc2 Qe7 13. d5 Na5 14. e4 Nh5 15.
Re1 Nf4 16. Bf1 Bd7 17. Nb3 Nb7 18. Kh2 Rf8 19. g3 Ng6 20. Bd3 Rae8 21. Be3 Bc8
22. Rh1 Qd7 23. Kg2 Ne7 24. Rbf1 f5 25. exf5 Nxf5 26. Bc1 a6 27. f4 g6 28. g4
Nh4+ 29. Kg3 Qg7 30. fxe5 g5 31. Bxh7+ Kh8 32. Bxg5 Qxg5 33. e6 Nd8 34. Qd2
Qe5+ 35. Kxh4 Kxh7 36. Qg5 Qxg5+ 37. Kxg5 Rg8+ 38. Kh4 Rg6 39. Nd2 Nxe6 40.
dxe6 Rh6+ 41. Kg3 Rhxe6 42. Rh2 Re3+ 43. Rf3 Bb7 44. Rxe3 Rxe3+ 45. Kf4 Rxc3
46. Re2 Bc6 47. Re7+ Kg8 48. Re3 Rxe3 49. Kxe3 b5 50. cxb5 axb5 51. Ne4 Bxe4
1/2-1/2

[Event "2MCR_3DE_1L_2S"]
[Site "?"]
[Date "2007.??.??"]
[Round "?"]
[White "Alexa, Jaroslav"]
[Black "Janous, Petr"]
[Result "1-0"]
[WhiteElo "2374"]
[BlackElo "2236"]
[Annotator "089"]
[PlyCount "115"]
[EventDate "2007.??.??"]
[EventType "corr"]
[EventRounds "1"]
[SourceDate "2007.01.28"]

1. d4 d5 2. c4 c6 3. Nf3 Nf6 4. Nc3 e6 5. Bg5 Nbd7 6. e3 Qa5 7. Nd2 Bb4 8. Qc2
O-O 9. Be2 e5 10. O-O exd4 11. Nb3 Qb6 12. exd4 dxc4 13. Bxc4 a5 14. a3 Bd6 15.
Ne4 Nxe4 16. Qxe4 Qc7 17. Bd3 Bxh2+ 18. Kh1 f5 19. Qe6+ Kh8 20. g3 Nf6 21. Qe2
Re8 22. Qf3 Be6 23. Kxh2 Bxb3 24. Bxf6 gxf6 25. Qxf5 Qg7 26. Rfe1 Bf7 27. Bf1
Qg5 28. Qd7 Qh5+ 29. Kg1 Bd5 30. Bg2 Qf7 31. Qf5 Kg7 32. Bxd5 Qxd5 33. Qxd5
cxd5 34. Rac1 b6 35. Rc7+ Kg6 36. Kf1 Rac8 37. Rb7 Rxe1+ 38. Kxe1 Rc4 39. Rxb6
Rxd4 40. Ke2 Kf5 41. b3 a4 42. b4 Ke5 43. f4+ Kf5 44. Rd6 Kg4 45. b5 Re4+ 46.
Kd3 Kxg3 47. Rxf6 Re1 48. b6 Rb1 49. Kd4 Rb3 50. Kc5 Rxa3 51. f5 Rc3+ 52. Kb4
Rc8 53. b7 Rb8 54. Rb6 h5 55. f6 h4 56. f7 h3 57. Rg6+ Kh4 58. Kc5 1-0